Catálogo musical de la Biblioteca Nacional de Madrid / por Higinio Anglés ... y José Subirá ...
Publicado:
Barcelona :
Consejo Superior de Investigaciones Científicas. Instituto Español de Musicología ,
1946
Descripción Física:
v. ; 25 cm
Otros Autores:
Subirà i Puig, Josep
MARC
| LEADER | 00000nam a2200000Ia 4500 | ||
|---|---|---|---|
| 001 | 8458, 11044 | ||
| 008 | 160829s1946, xx 000 0 cat d | ||
| 080 | |a A-1-113, A-1-114 | ||
| 100 | |a Anglès, Higini, |d 1888-1969 |9 26341 | ||
| 245 | |a Catálogo musical de la Biblioteca Nacional de Madrid / por Higinio Anglés ... y José Subirá ... | ||
| 260 | |a Barcelona : |b Consejo Superior de Investigaciones Científicas. Instituto Español de Musicología, |c 1946, |c 1951 | ||
| 300 | |a v. ; |c 25 cm | ||
| 590 | |a Conté: v. 1: Manuscritos; v. 3: Impresos: música práctica | ||
| 650 | |a Biblioteca Nacional (Espanya) |x Catàlegs |9 30790 | ||
| 650 | |a Música |x Bibliografia |x Catàlegs |9 33969 | ||
| 650 | |a Música |x Manuscrits |x Catàlegs |9 30791 | ||
| 700 | |a Subirà i Puig, Josep |9 30833 | ||
| 710 | 2 | |a Consejo Superior de Investigaciones Científicas (CSIC) (Espanya) |9 53988 | |
| 710 | 2 | |a Instituto Español de Musicología |9 54314 | |
| 901 | |a Arxiu | ||
| 942 | |n 1 | ||
| 952 | |0 0 |1 0 |4 0 |6 A1113_A1114 |7 1 |9 45527 |a Arxiu |b Arxiu |d 2016-12-01 |l 0 |o A-1-113, A-1-114 |p 8458, 11044 |r 2016-12-01 00:00:00 |w 2016-12-01 |y ARXIU | ||
| 999 | |c 48692 |d 48692 | ||